| 000 | 00390nam a22001457a 4500 | ||
|---|---|---|---|
| 020 | _a9781608071654 | ||
| 082 | _a623.73 POI | ||
| 100 | _aPoisel, Richard | ||
| 245 | _aModern communications jamming principles and techniques | ||
| 250 | _a2nd ed. | ||
| 260 |
_aLondon _bArtech House _c2011 |
||
| 300 |
_axxiii, 870p. : _e24 cm |
||
| 650 | _aElectronics in military engineering | ||
| 942 | _cBK | ||
| 999 |
_c12184 _d12184 |
||